Geometry Dash Easy Demons Part 4 - Statistics

General Stats
  • This quiz has been taken 4 times
    2 since last reset
  • The average score is 58 of 292
Answer Stats
Hint Answer Song % Correct
bli Absolute Garbage Warzone - BoomKitty
100%
JamAttack GLORIOUS FORTRESS -Glorious Morning- by Waterflame
100%
Binary666 mushroom salad -Thumper- by Waterflame
100%
skywalker14 since i met you s.i.m.y. - periclodgd
100%
Nico99 Thumper -Thumper- by Waterflame
100%
Ozzel2 850 Doctor Thunder - 2020 Remaster - Fionnhodgson
50%
awesomeme360 aeonair space battle Brainbite - MisterMonkeyman
50%
ItzKiba A Final Memorial Plmmet - 1f1n1ty
50%
a**ing Balut FireFrost - EnV
50%
AddBadx BIRD tv room - The Little Birdwatcher - DESKPOP
50%
GDSkele Blue Cheese Next Adventure - DrayxMusic
50%
AudieoVisual BoomBuBiBi Milkshake - [Bossfight Remix]
50%
NoFlix Broken Roulette Isolation - NightHawk22
50%
Polarbeahr Burning Flames I Volunteer As Space Monkey - Caro
50%
Lyriaki Camp Trip Eden Remnants - Koraii
50%
Friendless Capital Punishment Monolith - Meganeko
50%
RoyalP Caput Mundi Deo Volente - BoomKitty
50%
BrainETR CHALK Ang Cariosa - steampianist
50%
bli Change of Scene Beethoven - Moonlight Sonata 3rd Movement (meganeko remix) [2022 Version]
50%
cherryteam Cherry Blossom Phone Me First - cYsmix
50%
bookwormjoker Clover Ah_Ri_Rang (RMX) - DJ-mellon
50%
Nikce Colorado Nubes - GrizzlyCogs
50%
RealSmartish Colorful Oblivion Red Haze - Creo
50%
CUBICCC Costa Rica II Darkness Groove (Novatone Release) - QuartzoneTunes
50%
Split72 CROSS HATCH space tamale - Jayuff
50%
Zthos Cyber Space Paralel Space - ELEPS
50%
Whippie37 Daydream We Can Dream - Creo
50%
MAYEROSA Digital Essence II Mind/ /Pulse - meganeko X Shirobon
50%
SleyGD Dimension Hopper mines.ogg (unused) - NoveDeht
50%
Azuvy Duning We Can Dream - Creo
50%
MaxxoRMeN DVS Is My Beloved s.i.m.y. - periclodgd
50%
Danolex Electro House ~Electro House 2012~ - keosni391
50%
Edooox Energetic Field A Tiny Spaceship's Final Mission - Fantomenk
50%
JonathanGD Erou Veva - 1f1n1ty
50%
Sands Failbait Intercept 2 - dj-Nate
50%
spark Fast n Spicy SQUARE PERCEPTION - ROCK ON - PANDA EYES
50%
Jghost Fizzy Fossils Hot Fizz - Teminite
50%
SomeRandomCow Flashbang FLASHBANG VIP (PREVIEW) - Prismotizm
50%
BuiltInMacro Flash Flame Warpspeed - akopa
50%
Split72 FOUR WHEEL DRIVE mania. - korewakosu
50%
realflaaroni Freaks Freaks Remake - flaaroni
50%
RealSmartish FROZEN INFERNO Mad Moon Falling (Dota 2 Music Pack) - TheFatRat
50%
Polarbeahr Galactic Codex Pokemon - Temporal Tower Remix - TheGuitahHeroe
50%
GDTicLos galos tryna KILL me (execute.) - ArdolfGD
50%
GDvesuvius Geomon Geomon - Apaolo
50%
Wyntaee honey bones Odyssey - Flatlander
50%
RoiMousti Hot Wheelers Your Touch - Kaval, Dr. Ushuu, Everbeing, & Distayne
50%
16lord Impossible Demon Static Symphony (feat. Sunnexo) - EliteFerrex
50%
Voxicat iSpyWithMyLittleEye BIKE - tangermusic
50%
robotchief jarvis demon map -Control: Mind- by Waterflame
50%
BrainETR JAUNT Bamboo Berry - tangermusic
50%
XypherGD Juan ANTIPIXEL - PANDA EYES
50%
AudieoVisual JUMPGRIND3R GAYCORE (2008) - mrSimon
50%
NagromX Kinemortophobia Fright March - cYsmix
50%
Woom Koenigstein Return To Slime (ft. SixteenInMono) - DMDOKURO
50%
SpKale kr1tmas ~:Contrails:~ - lchavasse
50%
NeonDusk La Palma Aero Garden - SlyceCaik
50%
NotJoeBiden LYN3TTE NIGHT - Andersson187
50%
BuiltInMacro Macromolecules Myriad (Original Mix) - KaixoMusic
50%
Whirl Magmaniac Supercharge - MDK & meganeko
50%
Polarbeahr Mega Strike Thermodynamix - dj-Nate
50%
BranSilver Metal Magic Might & Magic 2021 - Djjaner
50%
Nikce Mil Noches ALL NIGHT LONG - lukhash
50%
BuiltInMacro Momento Mori Ultimate Destruction - TMM43
50%
JonathanGD Monolithos Monolith - meganeko
50%
RealSmartish Morning Star Morning Star - NebulaTrax
50%
connot Neo Daydreamer - meganeko
50%
krenogd Northern Sector Vain Star - cycerin
50%
EnZore Not a Phobia Phobia - GobSmacked & Piracle
50%
Dolphe Not My Style Sky and Soul - Creo
50%
CUBICCC Papiroflexium Royal Azalea - Miyolophone
50%
shodai1128 PARTYSIRENS ! PARTY SIRENS ! - tangermusic
50%
hauxz PINK DESERT OASIS Sentience Bazaar - LAPSE
50%
LillyVX PLAY WITH FIRE Play With Fire - meganeko X Shirobon
50%
xenoremu POINTBREAK Breaking Point - HeyJellyBear
50%
bli Prism Peak Sky and Soul - Creo
50%
ImMaxX1 Radiant Rift Fatum - Talurre
50%
ShadowIan RAW Glitch Gremlin - Bossfight
50%
Raivolt road to Music Evolution of Music - dj-Nate
50%
TroxxP1 Ruta del Sol Idyllic - wispx
50%
fJud SCENIC ROUTE Drift - Creo
50%
Pauze Scrap Starship Showdown - Bossfight
50%
Horneet Shattering Light Lightyear - Paper Skies
50%
Nicki1202 Silhouette Summit -Clutterfunk Part 2- by Waterflame
50%
Whirl Sinless Ash Unholy Insurgency - DMDOKURO
50%
Split72 Snail Down Bird Up! - ThePal
50%
smear SOUL OR SYSTEM Kiloton Icwater - Jusu-Tengu
50%
BuiltInMacro Speedway [XBOX LIVE] - LGmusic
50%
kr1t Stratus Hurricane Dimension - OcularNebula
50%
Starbom Sunken Polis Flow - Creo
50%
TamaN Terminal Velocity Diskovr - Launch
50%
ItzKiba THE CONDUIT Adrift [Chillstep] - balderdact
50%
Starbom The Hit Bow Wow - F-777
50%
16lord The Tower Pixie Crust - Dunderpatrullen
50%
Wentex The Zero Point Uprise - EnV
50%
ItzKiba Thomas Echnical Reverie - EspiDev
50%
GDTicLos thx 4 playing B-X Thanks For Playing My Game - fizzd
50%
rply time plus tragedy Time + Tragedy - tvroom
50%
Azuvy Toxicity Mescalink - Bossfight
50%
OliSW Trek Far Fetched OST - 02 - Into The Woods! - Miyolophone
50%
PAHC Twee -Fuzzy- by Waterflame
50%
DangerKat Unbreaker -Color Blockade- by Waterflame
50%
SomeRandomCow Unite Enduring - Geoplex
50%
RealFlaaroni Vam Eric Reprid - Vam Remake
50%
Tinraz Weird world frite2 - Gage
50%
ImMaxX1 Winterbliss Winterbliss - Cycerin
50%
Mangosteen Xanadu Wanderer (Instrumental) - Koraii & Lockyn
50%
Whippie37 XenoFrame You Gotta - Helzspring
50%
Magpipe Xin Chao Singularity - Dunderpatrullen
50%
ElMatoSWAG Yeux Oracle - Koraii
50%
Umbraleviathan 100 Miles and Runnin Breaking Point - HeyJellyBear
0%
SneyDry About time M83 - Midnight City (Echorift Cover) - 3YEOfficial
0%
Vizitek Aeoning Maybe - TMM43
0%
T0rnat Aerophobia Turbulence - DPZ0
0%
AleXins Afterparty Pirate Afterparty - Teminite
0%
TheBlackHell Alpine Glow Mind - Rutra
0%
GD Charz Altos Adventure Plmmet - 1f1n1ty
0%
spark amberette Sepia Nightmare - PompYin
0%
Nemsy Asterisk Elemelons - DJVI
0%
gluewis Audacious Valiant - EnV
0%
PlayMaker77 Aureus Koven - Gold (SPACEJUMP X VIRU$ Remix)
0%
Lebi06 Azure Apex Azure Apex - OcularNebula
0%
Ultimxte Bete Noire Ballistic Funk - Creo
0%
AddBadx Beyond Everything How to Take Complete Control pf Everything and Everyone - Cacola
0%
Destriv Bips and Bops -Color Blockade- by Waterflame
0%
Anya21 Black Reaper Sparkler - TheColdSpirit (Djjaner)
0%
DangerKat BLAST FANTASY Like a Blast! - basheman
0%
Xepheron Blast Fantasy Blast Processing
0%
Jirk Blast Processed -BlastProcess- by Waterflame
0%
King23James Blaze Instinct Break Free - Teminite
0%
YeetDawg Blizzard Evolution - Creo
0%
Adriam71 Blussness Blusk - Geoxor
0%
CheezIts4D1nner BOMB Drop - Jumpie & Throwback
0%
MazZedy Break The Rules SQUARE PERCEPTION - ROCK ON - PANDA EYES
0%
EnenzoGD Bwomp Processing -BlastProcess- by Waterflame
0%
Exi0n C20H25N30 Infinity Zone - WaxTerk
0%
Cypherr CHARGE BAD TRIP - WaxTerk
0%
Antigen check your emails check your emails - juicewhompa
0%
KittKittay CHEXTMIX ultima. - SenseiTree
0%
ewop Cloud9er Summit - Creo
0%
ut2o2 Codec -Clutterfunk Part 2- by Waterflame
0%
YukiMasterGD Color Burst Tendo - infektdubstep
0%
LEALHALZITX Common s3nse Nichibotsu - EX-LYD
0%
oleki Constellation imaginary flowers - Xorberax
0%
AirForce Contra Nock Em - Bossfight
0%
0xNano Cosmic Rush Daydreamer - meganeko
0%
MUGNA Crummy SAHAQUIEL - lavacakes
0%
sAziUr CTRL C -Control: Crowd- by Waterflame
0%
Atlex Cybersphere The Cyber Grind (ULTRAKILL Soundtrack) - meganeko
0%
Delicious8 Da PuNK Primavera Club - No Me Dejes De Querer (Luanmer Remix)
0%
Xepheron DARKNESS Crystal River - Koraii
0%
Uranox Darkness Within underscores - the city with no wind - SixImpala
0%
Polarbeahr Daydream Eruption Lolsalad - Caro
0%
therealjollunen DE4D Dead - Geoxor & SVRGE
0%
adamvp DEEP FRIED imaginary flowers - Xorberax
0%
HTigerzGD Delusion Thoughts - Cursedsnake
0%
MaxK Descent Helmut Haunter - Bossfight
0%
Buziris DICHOTOMY Return to NG lol - GrantBowtie
0%
shodai1128 distal corridor proX?ima - iTIC
0%
ItsJustCohen DownBurst Monster - Teminite & Chime & PsoGnar
0%
KoromiGD Dream Last Time We Can Dream - Creo
0%
OilPanic Dub Tendo - infektdubstep
0%
Koopazu Ducky For Ducky - AddBadX
0%
friendless EFFERVESCENT Nano Love - Meganeko
0%
LightPotato99 Electrical Room Youkai Woods - cYsmix
0%
vetad66 elevation Summit - Skybreak & Keskuda
0%
JustJrockGMD Emptiness Idolize - Creo
0%
Ph4lip Endless Descent Endless Embrace Remake - flaaroni
0%
R4NGER ENDOG Egg - Exyl
0%
Vitol64 Energetic Stardust Blippblipp (modern 8bit) - Bunnymajs
0%
FadeOff Eternal Night Rose Castle - SoundHolicK
0%
Vancis Ethereal Stereo Madness 2 - ForeverBound
0%
kcool101 factoneo Endless Abyss - HypercubeRecords
0%
Gabbs fake oblivion Rising Sun - canonblade
0%
xLunaire Fantasy Lux 1991 REEBOK PUMPS (demo) - SpeedoSausage
0%
PAHC Flipping a Coin sodypop - PLOMPITAL
0%
Latuka flora Rosen Grove - Koraii
0%
Umbraleviathan Frigid Fjord Lure - Lapse
0%
Binary666 Futurista Question Everything - WaxTerk
0%
IcarusWC GachiHYPER Bassgasm - Boomkitty
0%
MarkyDash Gameloft Revolution Crystal Corruption (Nightcore Edit) - liaquo
0%
Custi GHOSTBUSTERS Ghostbusters Theme (Remix) - TheLivingTombstone
0%
Rulmyy Girt Grit - Bossfight
0%
Wetols glhf Rebound - BoomKitty
0%
8uua Godhead Divinity (VIP) - DeadRewind
0%
GDTicLos Goofi Industri Super Duper - F-777
0%
FreezeDash Gruselnacht Hexennacht - Phyrnna
0%
Straightforward Hangout Winter Vacation (Original Mix) - IAHN
0%
ZiTron Haribo Unusually Flirt Flirt Oh It Hurts - Bossfight
0%
BrainETR HEAT Warp - Bossfight
0%
Zidnes HELLWALKER bloodletting - Koraii
0%
Gepsoni4 Hopla Hop - Schtiffles
0%
01clark Hyperspin -Hyperspin- by Waterflame
0%
xGWx I Made This 4 Fun Dark Vibes - Moonlchan
0%
DiamondKing169 IMPACT Infernoplex - Dimrain47
0%
xVainaja Infertechno Infertechno - Shinrog
0%
Makhozz Intoxicated Freedom Nubes - GrizzlyCogs
0%
Polarbeahr Iridescence Just Run With It - Caro
0%
playeruan IV Fantasy - TOMBOYY
0%
IdkLoLFunny Journey Goofy ahh phonk.mp3 - jatzuko
0%
IcarusWC Kickstart Pneumatic Tokyo - EnV
0%
MarkyDash Kororinpa Stronger - TheFatRat, Slaydit & Anjulie
0%
Nottus Light Spectrum Supercharge - MDK & meganeko
0%
JamesRamirez08 Like I said DAKARA - PANDA EYES
0%
scorpsi Livid Light Bonfire ! - Demented2005
0%
Billyg1122 Lost To Time {Midnight} - Cornandbeans
0%
Nova4664 Luminescent Mermaid - Sharks
0%
LaserSword33 Lutetia M2U - Gypsytronic (KayozKun Remix)
0%
HyoJung Make Your Fly Fly Away - indx8
0%
UsteX marbl Marbl - Schtiffles
0%
RoiMousti Mike The Best Ashes [Disciple Round Table] - doctorlobster
0%
Minity Minity II Sabrepulse Horizons Remix - Lockyn
0%
Silouute Mip II Florescence - Geoplex
0%
iMonikaa Mongol Tyvshin Prismatic - Shruggle
0%
MaxK MX11 Armageddon - Shtriga
0%
Polarizing my voicebox 180 shots a minute - Synami
0%
WarningGoat Neon Bliss meganeko - Space Magic (Vault Kid Remix)
0%
Reyzen New Retro WALKMAN - lukhash
0%
FawksGD Nocturnal Inutilia - Quartzone & L.M.
0%
MrSpaghetti No Time To Die I Got No Time - TheLivingTombstone
0%
adafka Nox Enduring - Geoplex
0%
Nitsky OVERBURN Without Fervour - Koraii
0%
Epxa Palette Coffee with Jean - KgZ
0%
Carminius Pathos Pathway Heaven Rd. 3 - EnV
0%
Pizazzy ph0ne m3 f1rst Phone Me First - cYsmix
0%
therealjollunen Pleasant Nightmares We Can Dream - Creo
0%
VytraX Poder Minimal Doggo Busters - Redeilia & Evangeline
0%
ephyf PORT LOUIS Pastel Bayside Freeway - megawolf77
0%
DrimpGD Power of Life Sanctuary - Koraii
0%
Kazey quazillion Empress - Koraii
0%
Qventiam Quentiam II Hazard - Corkscrew
0%
ZatexDoom Reality Bang Fake Reality (Original Mix) - ELEPS
0%
ImPanther Reflect Reflections - Creo
0%
Vizitek Regain Control Regain Control - Shirobon
0%
Findexi Resurrection Archetype - Helix
0%
Gekou Retrominator Geometrical Dominator
0%
Wyntaee RNBWGRFFT -Stellar Refraction- by PredatorMusic
0%
sorbett robert YOU'RE THE PRODUCT - Xorberax
0%
Owkeen Robot Upgrade Robot Uprising - lukhash
0%
Lightning78 RUHM The Wellerman Sea Shanty Metal - PirateCrab
0%
pyrtsune Rupture iwont - Kittitoyea
0%
vonsse S0NJ sonj - Delerium
0%
SweetyDaniX second chance The Newgrounds Composer - LucidShadowDreamer
0%
LandonGMD SICKEN Wicked - Avenza
0%
ZubwaR Silky Chaos Promise - KLYDIX
0%
BufiBoopi Skybound Skybound - Lockyn
0%
RealStyx Skyline Nyx - JensVide
0%
dkitey SMOOTH Seashine - DPZ0
0%
RealZober Snow Pack Authority - Xtrullor
0%
NikolaGruz snowrise Epilogue - Creo
0%
JustJrockGMD Sound Energy Rebound - BoomKitty
0%
Zapras Sparkworks Machine Overload - EliteFerrex & Sunnexo
0%
Sebasthian60 Special Moment Zenith - Geoxor
0%
J0eyOnGD Starboom Time to Go - Piracle
0%
GDSkele STARSHIPS Six Hour Starship - Ockeroid
0%
Extreme7687 Step Closer To Death Voices - Bossfight X Philip Strand
0%
Elvii SUPERCHARGE Supercharge - MDK & meganeko
0%
GDSynn Sydnirken Winter Solstice - pftq
0%
Tinraz Teleporter Teleporter - Lapse
0%
Faun Thauma underscores - the city with no wind - SixImpala
0%
Texic The Festival The Dark - Schtiffles
0%
lunziestella The Other Side Dancing Among a Mirror - Lunziestella
0%
Wasig Tirami We Can Dream - Creo
0%
Lorserix TouchDown Now Were Talkin - MadhouseDUDE
0%
UsteX Tricker Hide & Seek - Schtiffles
0%
Tommasso Tripulante A Tiny Spaceship's Final Mission - Fantomenk
0%
IcarusWC Tripwire Subside - Bossfight X Ephixa
0%
euphria ultrash0ck Kesobomb - Rymdkraft
0%
Latko Upcoming Stardust - Soutfast
0%
iMinAY V01D Purgatori - Koraii
0%
PixelDragon42 Vapor Vapor - Lockyn
0%
retromanGD VariouS Colors Dreams - Spaze
0%
DahsyGTC Vivid Rush Pirate Afterparty - Teminite
0%
LiteN1ng VOICE Submerge - underscore8298
0%
kelemsk Voltage Volt - Lockyn
0%
GDCreeper4 WAREHOUSE Vain Star - cycerin
0%
Blogde W A S T E D Wasted (nightcore) [Instrumental] - Huken X Murkish
0%
IpuNneO weird hell Existentia - FWLRmusic
0%
truongwf We of the future re:???? - Miyolophone
0%
AlvaroRH99 Wifelinloof Ravers - EDEXY
0%
Anya21 Windborn Windborn - Geoplex
0%
Vizitek winter holidays Daily Journey (LP Version) - Dim-J
0%
WerewolfGD Wxyz Summer Breeze - ForeverBound
0%
Zeniux XMP001A Abaddon (How it Began LP) - KaixoMusic
0%
LudiumGD YANDL II Pulsar - OcularNebula
0%
Megaman9 Yarr komp Yarr komp - TurtleTaco
0%
IcarusWC Yellow Snow Euro Light - TwelfthChromatic
0%
llertt youre adopted Doggy! - MrKoolTrix
0%
Sylv Yuuta Tree Palm - Love Cafe (YUNGTRUE Edit/Remix)
0%
ExIIImE ZENITH Our Moving Picture - Skybreak & Nytrix
0%
clohy zero Chaoz Fantasy - ParagonX9
0%
Markydash Zynga Subvert - Geoplex
0%
No matching quizzes found
Score Distribution
Percent of People with Each Score
Percentile by Number Answered
Your Score History
You have not taken this quiz since the last reset